Biología /

Guardado en:
Autor Principal: Villee, Claude A.
Formato: Libro
Publicado: Buenos Aires : Eudeba, 1972
Materias:
Etiquetas: Agregar Etiqueta
Sin Etiquetas, Sea el primero en etiquetar este registro!
LEADER 00622nam a22001935a 4500
001 CEM.cems006579
005 20060214000000.0
008 130507s1972##################000#0#####d
003 CEMS
082 0 4 |a Z570 
100 1 |a Villee, Claude A. 
245 1 0 |a Biología / 
260 |a Buenos Aires :  |b Eudeba,  |c 1972 
300 |a 719 p. 
653 |a Biología 
859 |a CEMS  |b BIB. CEMS - 11 de abril  |h Z570  |i V714  |p 3009.74  |t Ej.2 
859 |a CEMS  |b BIB. CEMS - 11 de abril  |h Z570  |i V714  |p 3129.74  |t Ej.1 
859 |a CEMS  |b BIB. CEMS - 11 de abril  |h Z570  |i V714  |p 3250.74  |t Ej.3 
859 |a CEMS  |b BIB. CEMS - 11 de abril  |h Z570  |i V714  |p 3251.74  |t Ej.4